000 00849nam a2200241Ia 4500
003 OSt
005 20220923220900.0
006 a|||||r|||| 00| 0
007 ta
008 220922b |||||||| |||| 00| 0 hin d
024 _a191,854
037 _cTextual
040 _aARTS
_cARTS
_bhin
041 _2hin
_ahin
082 _aV2.N47, 152M2
100 _aलापियर, डौमिनीक; कांलिन्स
_9164769
245 0 _aमॉउट बैटन और भारत का विभाजन
246 _aMaॉuṭ baiṭan aur bhārat kā vibhājana
260 _aदिल्ली
_b सरस्वती विहार
_c1982
300 _a184पृ.
_ccm.
942 _hV2.N47, 152M2
_cTEXL
_2CC
999 _c344510
_d344510